Čo očakávajú Slováci od Busha?

Pohľad na postoje a názory Slovákov na americkú politiku pred americko-ruským summitom v Bratislave. Očakávania vkladané do summitu.

Salvato in:
Dettagli Bibliografici
Autore principale: Weiss, Peter
Natura: Capitolo di libro
Lingua:slovacco
Soggetti:
Tags: Aggiungi Tag
Nessun Tag, puoi essere il primo ad aggiungerne!!

MARC

LEADER 00000naa$a2200000$$$4500
001 0025704
005 20231004125453.7
041 0 |a slo 
044 |a SK 
245 1 0 |a Čo očakávajú Slováci od Busha?  |c Peter Weiss 
520 |a Pohľad na postoje a názory Slovákov na americkú politiku pred americko-ruským summitom v Bratislave. Očakávania vkladané do summitu. 
610 2 0 |a politika medzinárodná 
610 2 0 |a politika svetová 
610 2 0 |a politika zahraničná 
610 2 0 |a vzťahy politické medzinárodné 
610 2 0 |a USA 
610 2 0 |a Rusko 
610 2 0 |a Slovensko 
610 2 0 |a Európa 
100 1 |a Weiss, Peter